| 000 | 00000nam 2200000za 4500 |
| 001 | 9.636221 |
| 003 | CaOODSP |
| 005 | 20221107134319 |
| 007 | cr ||||||||||| |
| 008 | 150407s2009||||xxcao|||o f000 0 fre d |
| 020 | |a978-1-100-90948-6 |
| 040 | |aCaOODSP|bfre |
| 043 | |an-cn---|an-us--|an-mx--- |
| 086 | 1 |aH114-17/1-2008F-PDF |
| 110 | 1 |aCanada.|bSanté Canada. |bAgence de réglementation de la lutte antiparasitaire. |
| 245 | 10|aStratégie quinquennale 2008–2013 |h[ressource électronique] : |bgarder le cap / |cGroupe de travail technique de l'Accord de libre-échange nord-américain sur les pesticides. |
| 246 | 3 |aGroupe de travail technique de l’Accord de libre-échange nord-américain sur les pesticides - stratégie quinquennale 2008–2013 |
| 260 | |aOttawa : |bSanté Canada, |cc2009. |
| 300 | |a26 p. : |bfigure, photographies |
| 500 | |aPublié aussi en anglais sous le titre : Five year strategy, 2008-2013: maintaining progress. |
| 590 | |a12-37-Supp|b2012-09-24 |
| 692 | 07|2gccst|aStratégie |
| 692 | 07|2gccst|aPesticide |
| 692 | 07|2gccst|aRisque pour la santé |
| 692 | 07|2gccst|aAccord international |
| 710 | 2 |aGroupe de travail technique de l'ALENA sur les pesticides. |
| 710 | 1 |aCanada. |bSanté Canada. |
| 775 | 08|tFive-year strategy 2008-2013 |w(CaOODSP)9.691926 |
| 856 | 40|ahttp://publications.gc.ca|qPDF|s430 Ko|uhttps://publications.gc.ca/collections/collection_2012/sc-hc/H114-17-1-2008-fra.pdf |